Ninho - Carrière - Statistiques

Statistiques générales
  • Ce quiz a été pris 183 fois
    87 depuis la dernière actualisation
  • Le résultat moyen est 117 sur 295
Statistiques - réponses
Hint Réponse % Correct
1 M.I.L.S
96%
7 Dis-moi que tu m'aimes
93%
2021 N.I (feat. Niska)
93%
1 | 7 Intro
89%
2 Jefe
89%
3 Mamacita
85%
15 | 18 Outro
85%
3 Sourire
85%
1 Comme prévu
81%
9 Elle a mal (feat. Niska)
81%
2 Soleil
81%
12 Tout ira mieux
81%
13 Lové (feat. Gradur)
78%
9 NI
78%
7 Un Poco
78%
3 Goutte d'eau
74%
13 Malcolm
74%
1 M.I.L.S 2.0
74%
6 Monotonie
74%
7 Rose
74%
11 Aïcha
70%
15 À Kinshasa (feat. Fally Ipupa)
70%
13 Athéna
70%
5 Crésus (feat. Leto)
70%
8 De l'autre côté (feat. Nekfeu)
70%
11 Dita (feat. Hös Copperfield)
70%
9 Elle m'a eu
70%
2 La vie qu'on mène
70%
18 Lettre à une femme
70%
8 M.I.L.S 3
70%
5 OG
70%
4 Pour nous
70%
11 Somnambule
70%
6 Arme de poing
67%
12 Eurostar (feat. Central Cee)
67%
4 Laisse pas traîner ton fils (feat. Sofiane)
67%
14 La maison que je voulais
67%
8 La Roma (feat. Sadek)
67%
10 Maman ne le sait pas (feat. Niska)
67%
12 Mood
67%
5 Roro
67%
1 Sans peine
67%
4 Tout en Gucci
67%
14 TTR
67%
7 Verité
67%
3 VVS
67%
8 44 (feat. Yaro)
63%
10 Bitch Dab
63%
2 Chino
63%
2 Fendi
63%
13 Jusqu'à minuit (feat. Jul)
63%
4 Paris c'est magique
63%
6 Pavé
63%
11 Promo (feat. Damso)
63%
14 Putana
63%
4 Sky Priority
63%
2 +971
59%
14 Bob
59%
1 Boucherie
59%
14 Carbozo
59%
10 DICTIONNAIRES (feat. Freeze Corleone)
59%
12 Jamais (feat. Dadju)
59%
5 Jeune Lossa
59%
7 La vivance (feat. Koba LaD)
59%
12 LES DIAMANTS DE BOKASSA (feat. Tiakola)
59%
9 RER D
59%
6 Tokarev
59%
2 Toutes les couleurs
59%
12 Vrais
59%
9 Zipette
59%
2018 Air Max (feat. Rim'K)
56%
15 Centre commercial (feat. Heuss L'enfoiré)
56%
11 Coffrer
56%
10 Collabo
56%
23 Filon
56%
6 HLM ou Palace
56%
4 KING VON
56%
17 Money (feat. Faouzia)
56%
8 No Life
56%
11 No love (feat. Ayra Starr)
56%
13 PILIER
56%
12 Pourquoi
56%
1 Problèmes du matin
56%
13 Violet
56%
10 YSL
56%
13 911 (feat. Koba LaD)
52%
2023 Blue (feat. Kaneki & Naps)
52%
4 Blue story (feat. Lil Baby)
52%
10 Ce soir (feat. Alonzo)
52%
5 Coco
52%
14 En chien
52%
1 INTRO - LA PRESSION
52%
3 Kitchen
52%
11 L'ancien
52%
8 LETTRE À UN FILS
52%
6 Mac 11
52%
2018 Mauvais (feat. GLK)
52%
3 PGP
52%
4 Toutes options (feat. Blasko)
52%
19 Vinicius
52%
2 Yo moko oyebi
52%
6 25 G
48%
2020 6.3 (feat. Naps)
48%
9 Bavard
48%
8 Big Pac
48%
17 C'était le rap
48%
16 DES PIGES
48%
13 La puerta
48%
1 La vie de Johnny
48%
2020 Macaroni (feat. Leto)
48%
5 Mama No Cry
48%
14 R9 (feat. GAULOIS & Kaneki)
48%
7 AU 33ÈME
44%
19 Every day (feat. Griff)
44%
8 Ghetto Star
44%
10 Gros vendeurs
44%
20 Le jeu (feat. Yaro)
44%
22 Millésimes
44%
11 N.W.A
44%
11 Opinel 12
44%
2019 Papers (feat. Zola)
44%
2019 Tes parents (feat. Leto)
44%
16 Tu sais qu'on est gang (feat. Hös Copperfield)
44%
12 Waribana
44%
2022 3 singes (feat. Werenoi)
41%
15 Authentique
41%
2019 Binks to Binks 6
41%
2021 Binks to Binks 7
41%
10 Chacun son tour
41%
13 Chiraq
41%
16 Grands ensembles
41%
2 Jungle
41%
12 Mauvais Djo
41%
2019 Méchant (feat. Niska)
41%
9 NWAR
41%
5 Privilège
41%
2025 Triple V (feat. Damso & Werenoi)
41%
16 Zéro paluche (feat. Tito)
41%
21 Bali
37%
2023 Binks to Binks 8
37%
15 Bon qu'à ça
37%
8 Branché sur snap
37%
21 Christopher Wallace
37%
2019 Distant (feat. Maes)
37%
4 Guitare
37%
6 J'AI PAS CHANGÉ
37%
2022 Jolie (feat. GAULOIS)
37%
15 LES MAINS DEDANS
37%
2018 Ma 6t a craqué (feat. Kpoint)
37%
3 Malsain
37%
2021 MAUVAIS 2X (feat. Gazo)
37%
2019 Mayday (feat. SCH)
37%
5 RÉSINE
37%
3 Rich Porter
37%
17 STOCKHOLM
37%
2022 TOUT VA BIEN (feat. Alonzo & Naps)
37%
9 Bad (feat. Omah Lay)
33%
2017 Binks To Binks 4
33%
2025 Boîte noire [Boîte Noire]
33%
7 Broly
33%
2023 C'est carré le S (feat. Gazo & Naps)
33%
2023 Ciao (feat. Werenoi)
33%
2022 Dernier Etage (feat. Yaro)
33%
6 Du Sal
33%
5 Edouard Nahum
33%
2025 FREE CONGO (feat. Damso, Gradur, Kalash Criminel, Josman & Youssoupha)
33%
2020 Grand bain (feat. Dadju)
33%
2017 Grand Paris (feat. Alivor, Lartiste, Lino, Médine, Sofiane, Seth Gueko,Youssoupha)
33%
9 HAQ
33%
14 Loin d'eux
33%
14 Plus qu'eux
33%
2018 Prêt à partir (feat. SCH)
33%
2025 SALE ÉTAT (feat. RK)
33%
2024 UnRappeurÇaRap #1 (feat. Niska)
33%
2024 UnRappeurÇaRap #2 (feat. Niska)
33%
3 WALLET
33%
2025 5 bleus
30%
2019 (remix) Bucci night (feat. Byro & Yaro)
30%
2018 Bucci Night (feat. Yaro)
30%
2026 Cullinan Mansory
30%
2019 Elle est bonne sa mère (feat. Vegedream)
30%
2019 Entre les murs (feat. DA Uzi)
30%
2023 Freestyle LVL UP 1
30%
2023 Freestyle LVL UP 2
30%
2023 Freestyle LVL UP 3
30%
2020 Mec de cité (feat. PLK & Yaro)
30%
2025 OTF (feat. DA Uzi)
30%
19 PEAKY BLINDERS
30%
20 Signes de gang
30%
2024 SURVIE (feat. Maes)
30%
2021 Vie de star (feat. Leto) [Rec.118]
30%
2020 Carbozo 2.0 [Carbozo]
26%
10 Dans la peau
26%
2025 Etat des lieux - Part 1 (feat. La Fouine)
26%
2025 Etat des lieux - Part 2 (feat. La Fouine)
26%
18 FLÉAU
26%
2021 Gasolina (feat. Hornet La Frappe)
26%
2019 Kim Jong-il (feat. Niro) [Game Over]
26%
2022 La Marseillaise (feat. Heuss L'enfoiré)
26%
18 Mode S Plus
26%
2021 Mon poto (feat. Kore) [BOF En Passant Pécho]
26%
7 Respect
26%
2018 Sheitana (feat. Hornet La Frappe)
26%
2024 UnRappeurÇaRap #3 (feat. Niska)
26%
2024 3 MAI 2025
22%
2018 À midi (feat. Naza)
22%
2018 Bénéfice (feat. MHD)
22%
2019 BLH (feat. Gradur)
22%
2025 Camp Nou [77 degrés]
22%
2020 Dios mio (feat. Yaro)
22%
2020 Encore (feat. Koba LaD)
22%
17 Griot
22%
2022 Kongolais mauvais (feat. DA Uzi)
22%
2018 Longue vie (feat. Hornet La Frappe & Sofiane)
22%
2018 Midi dans le ghetto (feat. 4Keus Gang)
22%
2021 Millions (feat. Orelsan) [No Limit]
22%
2020 Moto (feat. Mac Tyer)
22%
2019 Musica (feat. Soprano)
22%
2018 Sicario (feat. YL)
22%
2025 Treillis [Boîte Noire]
22%
2022 11H (feat. Lamatrix)
19%
2023 187 mesures (feat. Leto)
19%
2025 +34 (feat. Mister You)
19%
2023 Acolyte (feat. Dadju & Gianni)
19%
2018 Avon Barksdale (feat. Leto)
19%
2025 Brouncha (feat. Alonzo & Graya)
19%
2020 Crois-moi (feat. DA Uzi)
19%
2020 La zone [91 All Stars]
19%
2017 Mortal Kombat (feat. GLK, Graya, Riane, Sofiane & The S)
19%
2017 (My Face) My Face - Original Mix
19%
2024 Quillé (feat. Naza)
19%
2019 Quotidien (feat. Koba LaD)
19%
2017 Refait (feat. Yaro)
19%
2025 Requin (feat. Gianni)
19%
2025 Skywalker Haze - A COLORS SHOW [COLORS]
19%
2022 Suis-moi (feat. Ronisia)
19%
2025 X-ADV (feat. Lamatrix & Leto)
19%
2023 Bectance (feat. Mayo)
15%
2020 Dadinho (feat. Lacrim)
15%
2020 Double binks (feat. Leto & Zed)
15%
2016 Igo 10 (feat. Douma Kalash)
15%
2021 La vie du binks (feat. Hornet La Frappe, Leto, Sadek & Soprano) [Rec.118]
15%
2017 (My Face) Loose - Original Mix
15%
2019 Ma guapa (feat. Hös Copperfield)
15%
2025 Para (feat. Davido) [XVI]
15%
2020 Pirate (feat. Hös Copperfield) [Validé]
15%
2020 Sur paname [Art de rue]
15%
2019 Tel Me (feat. Jul)
15%
2017 We Feel - Original Mix (feat. LEON (Italy))
15%
2019 A découvert (feat. Hiro)
11%
2021 Champion (feat. Serge Ibaka)
11%
2023 Cités de France (feat. Heuss L'enfoiré & ZEG P)
11%
2025 Cole Palmer (feat. 3robi & YassineBeats)
11%
2025 Comme Avant (feat. David Carreira & MC Cabelinho)
11%
2025 COMME ÇA (feat. SAF)
11%
2022 Coucou (feat. Graya)
11%
2025 DANS LE DOS (feat. Himra) [NO PAIN NO GAIN]
11%
2021 Elle m'a dit (feat. DJ Quick & Hamza)
11%
2020 Enfants terribles (feat. Landy)
11%
2018 Et je deviens fou (feat. Jul)
11%
2023 Fallin' (feat. Layzee Ella & Yaro)
11%
2021 Incertain (feat. Hös Copperfield)
11%
2023 Les étoiles (feat. Yaro)
11%
2020 Mains sales (feat. 13 Block)
11%
2022 Portes Suicide (feat. Dinos)
11%
2017 Veux-tu ? (feat. Lacrim)
11%
2025 VIDA (feat. GAULOIS & Morad)
11%
2023 À L'AUBE (feat. Hös Copperfield)
7%
2018 Billets (feat. Capo Plaza)
7%
2018 Boîte auto [BOF Taxi 5]
7%
2022 Carolina [REDVOLUTION]
7%
2025 C'est Fort (feat. Soolking)
7%
2024 Danger (feat. Rimkus)
7%
2024 En despi [77 degrés]
7%
2020 Je fais ma vie (feat. KeBlack)
7%
2022 Jules César (feat. Kaneki)
7%
2021 La Calle (feat. Gianni)
7%
2020 Likolo (feat. Fally Ipupa)
7%
2019 Mauvais côté (feat. Amy)
7%
2017 Quelle heure (feat. Yaro)
7%
2025 Roof (feat. Vibzz)
7%
2022 Sécu (feat. Franglish)
7%
2024 Sens interdit (feat. GAULOIS)
7%
2023 CARTOUCHE (feat. Médé)
4%
2019 Gaine D 2.0 (feat. Kingzer & Leto)
4%
2021 Hercule (feat. Koffi Olomide)
4%
2024 Karma (feat. Negrito)
4%
2020 Kikolo (feat. Fally Ipupa)
4%
2023 Long time (feat. Kaneki)
4%
2023 Mauvaise Nouvelle (feat. Softo)
4%
2021 Mendosa (feat. Dadinho)
4%
2022 Tennessee (feat. Kalash)
4%
2023 Mari̇́a (feat. Morad)
0%
Aucun quiz correspondant
Distribution des résultats
% des personnes avec chaque résultat
Percentile par nombre de réponses
Votre historique - résultats
Vous n’avez pas pris ce quiz depuis la dernière actualisation